Place names containing "bat" - Statistics

General Stats
  • This quiz has been taken 9 times
  • The average score is 7 of 16
Answer Stats
Clue Geographical entity % Correct
Turkish city with the same name as a superhero Batman
100%
The state capital of Louisiana Baton Rouge
89%
The Moroccan capital Rabat
89%
The capital of Turkmenistan Ashgabat
78%
Small Roman city in Somerset Bath
78%
Chicago suburb; also the former name of Jakarta Batavia
56%
Island nation which is the only country to straddle all four hemispheres Kiribati
56%
Michigan locale, and also a river, with a warlike name Battle Creek
33%
Georgian city on the Black Sea coast Batumi
33%
Fearsome mountain which is the world's 9th highest Nanga Parbat
33%
Large city in Tamil Nadu, southern India Coimbatore
22%
Combative-sounding village adjacent to Dalkeith, near Edinburgh Newbattle
22%
A main city of Turkmenistan Turkmenabat
22%
Large ferry port, and province, south of Manila. As a clue: a vapour is right here... Batangas
11%
New South Wales town, and Arctic island Bathurst
11%
Indonesian island and city Batam
0%
No matching quizzes found
Score Distribution
Percent of People with Each Score
Percentile by Number Answered
Your Score History
You have not taken this quiz